[Event "Sachsen-ch U12"]
[Site "Sebnitz"]
[Date "2006.04.18"]
[Round "1"]
[White "Mueller, Marius"]
[Black "Hentschel, Lars"]
[Result "1/2-1/2"]
[WhiteElo "1392"]
[BlackElo "1137"]
[PlyCount "112"]
[EventDate "2006.04.18"]
[EventType "swiss"]
[EventRounds "7"]
[EventCountry "GER"]
[SourceTitle "EXT 2007"]
[Source "ChessBase"]
[SourceDate "2006.11.23"]
[SourceVersion "1"]
[SourceVersionDate "2006.11.23"]
[SourceQuality "1"]

1. e4 c5 2. Nf3 Nc6 3. d4 cxd4 4. Nxd4 Nf6 5. Nc3 e5 6. Nb3 Bb4 7. Bd3 0-0 8. f4 d5 9. fxe5 Nxe5 10. exd5 Nxd5 11. Bd2 Re8 12. 0-0 Bg4 13. Qc1 Nxc3 14. bxc3 Bd6 15. Nd4 Bc5 16. Be3 Nxd3 17. cxd3 Be2 18. Rf2 Bxd3 19. Qd2 Bg6 20. Re1 Rc8 21. Rfe2 Qd7 22. Nb3 Qxd2 23. Nxd2 Rxe3 24. Rxe3 Bxe3+ 25. Rxe3 f6 26. Kf2 Re8 27. Rxe8+ Bxe8 28. Ne4 Bc6 29. Nd6 g6 30. g3 Kf8 31. Ke3 Ke7 32. Nc8+ Kd7 33. Nxa7 Kc7 34. Nxc6 Kxc6 35. Kd4 Kd6 36. c4 b6 37. a3 f5 38. h4 h6 39. a4 g5 40. h5 f4 41. gxf4 gxf4 42. Ke4 Kc5 43. Kxf4 Kxc4 44. Kf5 Kb4 45. Kg6 Kxa4 46. Kxh6 b5 47. Kg5 b4 48. h6 b3 49. h7 b2 50. h8Q b1Q 51. Qa8+ Kb3 52. Qd5+ Kb2 53. Qb7+ Ka1 54. Qa6+ Qa2 55. Qf1+ Qb1 56. Qxb1+ Kxb1 1/2-1/2